Ariana Grande - thank u, next - Statistics

General Stats
  • This quiz has been taken 50 times
    18 since last reset
  • The average score is 8 of 14
Answer Stats
2019 thank u, next % Correct
11 thank u, next
92%
1 imagine
85%
2 needy
85%
10 7 rings
77%
6 bad idea
69%
4 bloodline
69%
8 ghostin
69%
3 NASA
69%
9 in my head
62%
12 break up with your girlfriend, i'm bored
54%
7 make up
54%
5 fake smile
38%
13 7 rings (feat. 2 Chainz)
0%
14 MONOPOLY (feat. Victoria Monét)
0%
No matching quizzes found
Score Distribution
Percent of People with Each Score
Percentile by Number Answered
Your Score History
You have not taken this quiz since the last reset